| 000 | 00620nam a2200217 4500 | ||
|---|---|---|---|
| 003 | OSt | ||
| 005 | 20240704021829.0 | ||
| 006 | a | ||
| 008 | 240704b |||||||| |||| 00| 0 eng d | ||
| 020 | _a9780123739766 | ||
| 040 |
_aDWCL-Main lib. _cOC |
||
| 082 |
_2First edition _aCirc. 595.7 In59 2008 |
||
| 245 | _aInsect immunology / | ||
| 260 |
_aUSA : _bAcademic Press, _cc2008. |
||
| 300 |
_aXL, _b348 p. : ill. ; _c23 cm. |
||
| 504 | _aIncludes bibliographical references and index. | ||
| 650 | _a1. Insects. | ||
| 650 | _a2. Insects-Immunology. | ||
| 700 | _aNancy E. Beckage | ||
| 942 |
_2ddc _n0 _cBK-CIRC _kCirc. |
||
| 999 |
_c1923 _d1923 |
||